banner-ar

الحريات العامة فى الدولة الاسلامية / (Record no. 61075)

MARC details
000 -الفاتح
حقل البيانات ثابتة الطول 01072nam a22002897a 4500
005 - وقت وتاريخ اخر تعامل مع التسجيلة
رقم الضبط 20240530110442.0
008 - عناصر البيانات ثابتة الطول - معلومات عامة
حقل البيانات ثابتة الطول 150330s2012 ua a g 000 0 ara d
017 ## - رقم الايداع القانونى
رقم الايداع القانونى 2012/2586
المصدر ( الهيئة المختصة) مصر . دار الكتب المصرية
020 ## - الرقم الدولى المعيارى للكتب
الرقم الدولى المعيارى للكتاب 9789770931080
040 ## - مصدر الفهرسة
وكالة الفهرسة الأصلية EG-CaGPL
082 04 - رقم تصنيف ديوى العشرى
رقم الطبعة 21
رقم التصنيف 219.3\
رقم المادة ر ح
100 0# - المدخل الرئيسى - إسم شخصى
الإسم الشخصى راشد الغنوشى
245 12 - بيان العنوان
العنوان الحريات العامة فى الدولة الاسلامية /
بيان المسئوليه,etc راشد الغنوشى
250 ## - بيان الطبعة
بيان الطبعة ط1.
260 ## - PUBLICATION, DISTRIBUTION, ETC. (IMPRINT)
تاريخ النشر أو التوزيع 2012.
300 ## - الوصف المادى
التعداد 2 ج ؛
أبعاد الوعاء 24 سم.
650 04 - المدخل الاضافى بالموضوع-مصطلح موضوعى
مصطلح موضوعي حقوق الانسان
650 04 - المدخل الاضافى بالموضوع-مصطلح موضوعى
مصطلح موضوعي حرية التعبير
650 04 - المدخل الاضافى بالموضوع-مصطلح موضوعى
مصطلح موضوعي حرية العقيدة
650 04 - المدخل الاضافى بالموضوع-مصطلح موضوعى
مصطلح موضوعي الحقوق المدنية
التقسيم الفرعي الجغرافي العالم الاسلامى
650 04 - المدخل الاضافى بالموضوع-مصطلح موضوعى
مصطلح موضوعي الشورى
650 04 - المدخل الاضافى بالموضوع-مصطلح موضوعى
مصطلح موضوعي حقوق الانسان
التقسيم الفرعي العام الحقوق السياسية
650 04 - المدخل الاضافى بالموضوع-مصطلح موضوعى
مصطلح موضوعي حرية ممارسة الشعائر الدينية
650 04 - المدخل الاضافى بالموضوع-مصطلح موضوعى
مصطلح موضوعي حقوق الانسان
التقسيم الفرعي الجغرافي العالم العربى
942 ## - عناصر المدخل الإضافي( كوها)
مصدر التصنيف او مخطط الترفيف Dewey Decimal Classification
Koha [default] item type كتاب
260 ## - PUBLICATION, DISTRIBUTION, ETC. (IMPRINT)
-- القاهرة :
-- دار الشروق ،
Holdings
حالة التراجع حالة الفقد حالة تلف ليس للاعارة المكان المؤقت الموقع الحالى تاريخ الاكتساب اجمالي اﻻعارات رقم الطلب الباركود تاريخ اخر مشاهدة تاريخ تفعيل السعر نوع وعاء كوها
        مكتبة القاهرة الكبرى مكتبة القاهرة الكبرى 04/21/2015   219.3\ ر ح 160294 04/21/2015 04/21/2015 كتاب
        مكتبة القاهرة الكبرى مكتبة القاهرة الكبرى 04/21/2015   219.3\ ر ح 160295 04/21/2015 04/21/2015 كتاب

Powered By

EGPV